[Event "XLIII Sevilla Open 2018"]
[Site "Sevilla"]
[Date "2018.01.14"]
[Round "3"]
[White "Gleizerov, Evgeny"]
[Black "Gutierrez Valero, Mario"]
[Result "1/2-1/2"]
[WhiteElo "2509"]
[BlackElo "2208"]
[Annotator "TA"]
[PlyCount "96"]
[EventDate "2018.??.??"]
[EventType "swiss"]
[EventCountry "ESP"]
[SourceTitle "playchess.com"]
[Source "ChessBase"]
[SourceQuality "1"]

{[%evp 31,96,8,1,8,2,0,6,0,0,-12,22,0,0,0,14,8,91,83,129,33,43,41,32,33,43,36,37,0,0,-29,-14,-32,81,93,93,71,150,144,177,144,245,243,290,0,0,-215,-191,-362,-391,-575,-85,-85,-85,-86,-86,-80,0,0,0,0,0,0,0,0,0,0,0]} 1. d4 Nf6 2. Nf3 g6 3. g3 Bg7 4. Bg2 O-O 5. O-O d6 6. a4 Nbd7 7. a5 c6 8. Nc3 Qc7 9. e4 e5 10. h3 Re8 11. Re1 Rb8 12. Be3 {B07: Pirc Defence: Miscellaneous Systems} (12. b3 b5 13. axb6 axb6 14. Ba3 Bf8 15. d5 Bb7 16. dxc6 Bxc6 17. Nd2 b5 18. Bb4 Ra8 19. Qe2 Qb6 {1-0 (69) Zhao,J (2604)-Adhiban,B (2655) Riadh 2017}) 12... b5 13. axb6 axb6 14. d5 Bb7 15. Nd2 b5 16. dxc6 Bxc6 {LiveBook: 5 Games} 17. Ra7 Rb7 18. Rxb7 Qxb7 19. Nb3 Qc7 $146 ({Predecessor:} 19... b4) 20. Qd3 Rb8 21. Ra1 b4 22. Ra7 Qc8 23. Na2 Bb5 {[#]} (23... d5 $11) 24. Qd2 $1 $16 Qc4 25. f3 ({Not} 25. Qxd6 Qxc2 26. Nac1 Bf8 $15) (25. Nxb4 $16 {Nd5 is the strong threat.} Nxe4 26. Bxe4 Qxe4 27. Nd5) 25... d5 $14 {[%cal Rd5e4]} 26. Nxb4 d4 27. Bf2 Bf8 28. Nd3 {Black must now prevent f4.} Rc8 29. Na1 Qe6 30. Kh2 Nc5 31. Bf1 (31. Nxc5 {seems wilder.} Bxc5 32. Ra5 Qc6 33. Nb3 Bb6 34. Ra1) 31... Ncxe4 (31... Nfd7 $15 {stays ahead.}) 32. fxe4 $16 Nxe4 33. Qe1 Bxd3 (33... Nxf2 $142 34. Qxf2 f5) 34. cxd3 ({Don't play} 34. Bxd3 Ng5 $14) 34... Nxf2 35. Qxf2 Bc5 (35... Bh6 $16 {is a better defense.} 36. Qe2 Qb6) 36. Rb7 $18 e4 37. Nb3 $2 ({White has to play} 37. dxe4 $18 d3 38. Qf3) 37... e3 $11 38. Nxc5 $2 (38. Qf3 $11 Bb6 39. Qd1) 38... Rxc5 $19 39. Qf3 $2 {[#]} (39. Rb8+ {was necessary.} Kg7 40. Qe1) 39... Rf5 $1 {[%cal Rf5f3]} 40. Qg4 (40. Qe2 {might work better.} Rf2+ 41. Qxf2 exf2 42. Rc7) 40... Rxf1 $2 {[%mdl 4096] Endgame KQR-KQR} (40... Rf2+ $19 {is more deadly.} 41. Kg1 Qe5) 41. Rb8+ $17 Kg7 42. Qxd4+ Rf6 43. Qd8 {[%csl Gb8][%cal Rd8f8]} Rf2+ (43... Qd6 $17 {( -> ...Rf2+)} 44. Qxd6 Rxd6) 44. Kg1 $11 {[#] And now Qf8+ would win.The position is equal.} e2 $1 {[%cal Re2e1][%mdl 512]} 45. Qf8+ Kf6 {[%cal Re2e1]} 46. Qd8+ Kg7 {[%cal Re2e1]} 47. Qf8+ Kf6 {[%cal Re2e1]} 48. Qd8+ Kg7 {Precision: White = 42%, Black = 39%.} 1/2-1/2

[Event "XLIII Sevilla Open 2018"]
[Site "Sevilla"]
[Date "2018.01.14"]
[Round "3"]
[White "Matamoros Franco, Carlos S"]
[Black "Rincon Bascon, Jorge"]
[Result "1-0"]
[WhiteElo "2484"]
[BlackElo "2178"]
[Annotator "TA"]
[PlyCount "51"]
[EventDate "2018.??.??"]
[EventType "swiss"]
[EventCountry "ESP"]
[SourceTitle "playchess.com"]
[Source "ChessBase"]
[SourceQuality "1"]

{[%evp 16,51,45,47,70,44,65,58,83,71,164,132,129,115,101,109,143,141,135,143,147,149,154,135,139,92,204,171,347,342,372,372,581,568,947,954,956,954]} 1. Nf3 Nf6 2. c4 g6 3. g3 Bg7 4. Bg2 O-O 5. O-O c5 6. Nc3 d6 7. d4 Na6 8. b3 Bd7 9. Bb2 {LiveBook: 11 Partien. E65: Königsindisch (Jugoslawische Variante)} b6 10. h3 Rb8 11. e4 {Weiß steht etwas besser.} Nc7 $146 ({Vorgänger:} 11... cxd4 12. Nxd4 Nc5 13. Rc1 a6 14. Re1 e5 15. Nc2 Bc6 16. Qd2 h5 17. Rcd1 {0-1 (49) Niklasch,O (2382)-Jaracz,P (2439) Krakow 1999}) 12. Qe2 b5 (12... Qc8 $16) 13. dxc5 $18 bxc4 14. e5 dxe5 15. Qxc4 Nfd5 16. Nxd5 Bb5 17. Qh4 Nxd5 18. Rfd1 e6 19. Qxd8 ({Auf keinen Fall} 19. Bxe5 $6 Qxh4 20. gxh4 Rbc8 $14) 19... Rfxd8 20. Nxe5 Nb4 (20... Rbc8 $16) 21. a3 Nc2 $2 (21... Rxd1+ 22. Rxd1 Nd5 23. Bxd5 exd5 24. Rxd5 Rc8) 22. Rac1 {[#] Droht Txd8+ und aus.} Nxa3 23. c6 {[%cal Bc5c6,Bc6c7][%mdl 32]} Rxd1+ (23... Bxc6 $142 24. Rxd8+ Rxd8 25. Bxc6 Rd2) 24. Rxd1 {Schwarz muss nun c7 beachten.Weiß steht klar auf Gewinn.} Re8 25. c7 {Und Td8 würde nun gewinnen.} Bf6 26. Bb7 {Precision: Weiß = 80%, Schwarz = 30%.} 1-0

[Event "XLIII Sevilla Open 2018"]
[Site "Sevilla"]
[Date "2018.01.14"]
[Round "3"]
[White "Anurag, Mhamal"]
[Black "Romero Romero, Sebastian"]
[Result "1-0"]
[WhiteElo "2472"]
[BlackElo "2173"]
[Annotator "TA"]
[PlyCount "57"]
[EventDate "2018.??.??"]
[EventType "swiss"]
[EventCountry "ESP"]
[SourceTitle "playchess.com"]
[Source "ChessBase"]
[SourceQuality "1"]

{[%evp 17,57,20,47,0,0,0,0,0,0,0,104,95,135,144,195,184,198,191,211,200,193,134,317,316,426,320,348,330,355,330,327,337,326,314,497,494,670,675,29993,29994,29996,29997]} 1. Nf3 Nf6 2. g3 g6 3. Bg2 Bg7 4. O-O O-O 5. d4 d6 6. Nc3 Nbd7 7. a4 e5 {A49: 1 d4 Nf6 2 Nf3 g6 3 g3: Anti-King's Indian systems} 8. dxe5 dxe5 9. a5 a6 {LiveBook: 8 Games. The position is equal.} 10. Ra4 $146 ({Predecessor:} 10. Qd3 Re8 11. Qc4 h6 12. Rd1 Rb8 13. Nh4 b5 14. axb6 cxb6 15. Nxg6 {½-½ (80) Pert,N (2569)-McShane,L (2687) London 2015}) 10... Qe7 11. Rh4 Rd8 12. Bg5 Nf8 13. Qc1 Bf5 (13... c6 $1 $11) 14. e4 $16 {[%cal Be2e4,Be4e5][%mdl 32]} Be6 15. Nxe5 {Hoping for Nd3.} Qc5 {[#]} (15... h5 $16 {might work better.} 16. Nd3 N8h7) 16. Nd3 $1 $36 {[%cal Rd3c5][%mdl 2048] Keeping Black busy.} Qxa5 17. e5 Ng4 18. b4 Qb6 19. Ne4 ({White should play} 19. Na4 $18 Qb5 20. Nac5 (20. Bxd8 Rxd8 21. Nc3 Qb6 $16) 20... Rxd3 21. cxd3 Nxe5 22. d4 (22. Bxb7 Rb8 $18)) 19... h5 $2 (19... Rd4 $16) 20. h3 ({But not} 20. Bxd8 $6 Rxd8 21. h3 Nxe5 $18) 20... Nxe5 21. Nf6+ Bxf6 22. Bxf6 {White wants to mate with Qh6.} Ned7 23. Bd4 ({Don't take} 23. Bxd8 Rxd8 24. Rxh5 Nf6 $18) 23... Qd6 24. Qh6 {[%csl Gd4][%cal Rh6h8]} (24. Bxb7 Rab8 $16) 24... f6 25. Nf4 (25. Bxb7 Rac8) 25... Bf7 (25... Qe7 $142 26. Re1 Ne5) 26. Be4 Ne5 27. Bc5 Qd2 28. Bxf8 Rxf8 {[#]} 29. Rxh5 $1 {[%mdl 512] Precision: White = 82%, Black = 46%.} 1-0

[Event "XLIII Sevilla Open 2018"]
[Site "Sevilla"]
[Date "2018.01.14"]
[Round "3"]
[White "Chueca Forcen, Alberto"]
[Black "Vasquez Schroeder, Rodrigo"]
[Result "0-1"]
[WhiteElo "2301"]
[BlackElo "2554"]
[Annotator "TA"]
[PlyCount "82"]
[EventDate "2018.??.??"]
[EventType "swiss"]
[EventCountry "ESP"]
[SourceTitle "playchess.com"]
[Source "ChessBase"]
[SourceQuality "1"]

{[%evp 23,82,8,17,0,1,-34,-36,-34,-38,-60,-34,-30,-28,-30,-33,-35,-31,-60,-51,-102,-110,-131,-65,-63,-50,-58,-47,-174,-196,-181,-90,-92,-90,-99,-8,-26,0,-585,-585,-582,-581,-780,-668,-659,-643,-601,-406,-596,-454,-468,-463,-464,-461,-461,-410,-438,-427,-416,-366,-1089,-1073]} 1. e4 e5 2. Nf3 Nc6 3. Bb5 a6 4. Ba4 Nf6 5. O-O Be7 6. Re1 b5 7. Bb3 d6 8. c3 O-O 9. h3 Re8 10. d4 Bb7 11. Nbd2 Bf8 12. d5 Nb8 {[%cal Bc6b8,Bb8d7,Bd7c5,Bc5a4][%mdl 32] LiveBook: 690 Games} 13. a4 {C92: Closed Ruy Lopez: 9...Be6, Karpov and Flohr-Zaitsev Variations} (13. Nf1 Nbd7 14. Ng3 Nc5 15. Bc2 c6 16. b4 Ncd7 17. dxc6 Bxc6 18. Bb3 h6 19. Nh4 a5 20. a3 Nb6 21. Ng6 axb4 22. cxb4 d5 23. Nxf8 Kxf8 24. Bxh6 gxh6 {½-½ (154) Wang,H (2709)-Grischuk,A (2772) Huaian 2017}) 13... Nbd7 14. Qe2 c6 15. dxc6 {Black is slightly better.} Bxc6 16. Bc2 Nc5 {[%cal Rb5a4]} 17. axb5 axb5 18. Rxa8 Qxa8 19. b4 Na4 20. Qd3 $146 ({Predecessor:} 20. Nb1 Rc8 21. Bd3 Qb7 22. Bd2 Nb2 23. Bc2 Nc4 {0-1 (53) Premanath,D (1861)-Amarasinghe,A (1982) Negambo 2017}) 20... h6 21. c4 (21. Bb3 $15) 21... bxc4 $1 $17 22. Qxc4 {[#]} Rc8 (22... d5 $1 $17 {[%cal Rd5c4]} 23. exd5 Bxd5) 23. Qb3 $15 Bb5 24. Nb1 Nb6 25. Bd3 (25. Nc3 $15 Bd7 26. Bd3) 25... Bxd3 $19 26. Qxd3 {[#]} d5 (26... Nxe4 $1 $19 {[%mdl 512] is more deadly.} 27. Qb3 (27. Qxe4 Qxe4) 27... Qd5) 27. Nxe5 dxe4 28. Qg3 Bxb4 {[#]} (28... Nbd5 $17 29. Bxh6 Qb8) 29. Bxh6 $1 $11 {[%csl Gh6][%cal Rg3g7][%mdl 512]} Nh5 $36 {[%mdl 2048] Black has the initiative.} 30. Qg4 $2 {[%mdl 8192]} (30. Qb3 $11 Nd5 31. Rd1 (31. Rxe4 Bd6 $17)) 30... Bxe1 $19 31. Qxh5 Qa2 32. Ng4 {[#]} Bxf2+ $1 {[%mdl 512]} 33. Nxf2 Qxb1+ 34. Kh2 Qb2 35. Ng4 (35. Qg5 {was worth a try.}) 35... Qd4 36. Bf4 Rc5 37. Qh4 Qd7 38. Qg3 Qe6 39. Be3 Rh5 40. Bd4 {Black must now prevent Nf6+.} Nd7 41. Qc3 $2 (41. Nf2 f6 42. Qe3) 41... Qxg4 {Precision: White = 32%, Black = 44%.} 0-1

[Event "XLIII Sevilla Open 2018"]
[Site "Sevilla"]
[Date "2018.01.14"]
[Round "3"]
[White "Biedma Martin, Enrique"]
[Black "Santos Latasa, Jaime"]
[Result "1/2-1/2"]
[WhiteElo "2280"]
[BlackElo "2546"]
[Annotator "TA"]
[PlyCount "94"]
[EventDate "2018.??.??"]
[EventType "swiss"]
[EventCountry "ESP"]
[SourceTitle "playchess.com"]
[Source "ChessBase"]
[SourceQuality "1"]

{[%evp 17,94,31,34,31,29,23,31,17,17,25,24,0,0,0,4,21,15,0,8,0,0,0,0,4,18,0,39,18,17,26,71,68,71,64,77,14,14,4,13,0,0,0,7,0,0,-2,31,32,37,0,0,0,0,0,0,0,0,0,0,0,0,0,25,25,25,25,41,41,41,41,12840,12839,12841,12840,29981,12839,12840,12835,12839]} 1. d4 f5 2. Nf3 Nf6 3. g3 g6 4. Bg2 Bg7 5. O-O O-O 6. c4 d6 7. Nc3 Na6 8. Rb1 c5 9. d5 Nc7 10. b3 {A87: Dutch Defence: Leningrad System: 5 Nf3} (10. a3 e5 11. dxe6 Nxe6 12. Ng5 Qe7 13. b4 Nd4 14. Be3 Kh8 15. Bxd4 cxd4 16. Nb5 d5 17. cxd5 Nxd5 18. Bxd5 Qxg5 19. Nxd4 f4 20. Ne6 Bxe6 {½-½ (20) Bosiocic,M (2577)-Smirin,I (2632) Trieste 2012}) 10... Rb8 11. Bb2 b5 12. Nxb5 {White is slightly better.} Nxb5 13. cxb5 Rxb5 14. Bc3 $146 ({Predecessor:} 14. Qd3 Rb8 15. Nd2 Bd7 16. Rfe1 Qa5 17. Bc3 Qb5 {½-½ (64) Lorenzini,M (2468)-Di Benedetto,G (2300) Rosario 2016}) 14... Ne4 15. Bxg7 Kxg7 16. Qc2 Bb7 17. Nd2 Nf6 18. Qd3 Rb4 19. Nc4 {next a3 is good for White.} Ba6 20. a3 $36 {[%mdl 2048] White has the initiative.} Rb8 21. Qc3 Qc7 (21... Bxc4 {is interesting.} 22. bxc4 Kg8 23. Rxb8 Qxb8 24. Qc2 Qb6) 22. e4 (22. Na5 {keeps more tension.} Bxe2 23. Rfe1 Bd3 24. Rbd1 Bb5 25. b4) 22... fxe4 23. Bxe4 Bxc4 24. bxc4 Rxb1 25. Rxb1 Rb8 26. Rxb8 (26. Re1 $1 $16) 26... Qxb8 $11 27. Bc2 Qc8 28. f3 {[%cal Bf2f3,Bf3f4][%mdl 32]} Kf7 29. Kf2 Nd7 (29... Qh3 $5 30. Kg1 $8 Nd7 $11) 30. Bd1 Ne5 31. Qc2 Qa6 32. f4 Nd7 $1 ({Much worse is} 32... Nxc4 $6 33. Qd3 $16) 33. Qb3 Nf6 34. g4 {[%cal Bg3g4,Bg4g5][%mdl 32]} Qc8 35. g5 Ne8 $1 36. Qd3 Ng7 37. h3 {[%cal Bh2h3,Bh3h4,Bh4h5][%mdl 32]} Qb7 {Threatens to win with ...Qb2+.} 38. Qb3 Qxb3 39. Bxb3 {[%mdl 4096] Endgame KB-KN} Nf5 40. Bc2 Nd4 41. Bd3 a5 42. h4 Kg7 43. Kg3 Nf5+ $2 {[%mdl 8192]} (43... Kg8 $14) 44. Bxf5 $1 $18 gxf5 45. h5 a4 46. Kf3 (46. h6+ $142 Kf7 47. Kh3 e6 48. dxe6+ Kg8 {[#]} 49. g6 $1 {[%mdl 512]} hxg6 50. h7+ $1 {[%mdl 512]} Kxh7 51. e7) 46... Kf7 47. Ke3 Kg7 {[%mdl 32768] Precision: White = 61%, Black = 54%. . An unexpected result.} 1/2-1/2

[Event "XLIII Sevilla Open 2018"]
[Site "Sevilla"]
[Date "2018.01.14"]
[Round "3"]
[White "Schwartz, Ylon"]
[Black "Dvirnyy, Danyyil"]
[Result "0-1"]
[WhiteElo "2267"]
[BlackElo "2534"]
[Annotator "TA"]
[PlyCount "46"]
[EventDate "2018.??.??"]
[EventType "swiss"]
[EventCountry "ESP"]
[SourceTitle "playchess.com"]
[Source "ChessBase"]
[SourceQuality "1"]

{[%evp 21,46,0,6,7,0,0,18,-10,0,-14,-14,-27,0,-22,0,-39,-74,-89,-93,-164,-166,-220,-190,-189,-164,-473,-456]} 1. d4 d5 2. c4 c6 3. Nc3 Nf6 4. e3 e6 5. Nf3 Nbd7 6. Qc2 Bd6 7. Bd2 O-O 8. Bd3 dxc4 9. Bxc4 b5 10. Be2 Bb7 11. O-O Rc8 {LiveBook: 4 Games. D46: Semi-Slav: 5 e3 Nbd7 6 Bd3, Black avoids the Meran} (11... a6 12. Ne4 Nxe4 13. Qxe4 Rb8 14. Qc2 c5 15. a4 b4 16. a5 Qe7 17. Rfc1 Rfc8 18. Qd1 Nf6 19. Bd3 e5 20. dxc5 Bxc5 21. Bc4 Ne4 22. Qe2 Ra8 23. Be1 Ng5 24. Nxg5 Qxg5 {½-½ (24) Timman,J (2578)-Ribli,Z (2526) Platja d'Aro 2017}) 12. Ne4 Nxe4 13. Qxe4 Nf6 {The position is equal.} 14. Qh4 c5 15. Bxb5 Bxf3 16. gxf3 Qb6 $36 {[%mdl 2048] Black fights for an advantage.} 17. a4 a6 18. Bd3 Qxb2 {aiming for ...c4.} 19. Ba5 {[#]} Qb3 $146 {[%cal Rb3d3]} 20. Rfd1 ({Wrong is} 20. Bxa6 $2 Ra8 $19) (20. Bb1 $17) 20... c4 $19 {[%cal Bc5c4,Bc4c3,Bc3c2][%mdl 32]} 21. Be2 (21. Be4 {keeps fighting.} Nxe4 22. Rdb1) 21... c3 22. Kh1 Be7 23. Bd3 $2 {[#]} (23. Rg1) 23... c2 {Precision: White = 43%, Black = 61%.} 0-1

[Event "XLIII Sevilla Open 2018"]
[Site "Sevilla"]
[Date "2018.01.14"]
[Round "3"]
[White "Diaz Castro, Sergio"]
[Black "Aroshidze, Levan"]
[Result "1-0"]
[WhiteElo "2263"]
[BlackElo "2516"]
[Annotator "TA"]
[PlyCount "71"]
[EventDate "2018.??.??"]
[EventType "swiss"]
[EventCountry "ESP"]
[SourceTitle "playchess.com"]
[Source "ChessBase"]
[SourceQuality "1"]

{[%evp 18,71,32,26,37,0,37,3,27,0,16,-28,-30,-22,-1,-8,0,0,0,0,0,-18,-11,-40,-18,-50,-50,-51,-17,-88,87,50,90,51,101,62,76,59,253,275,1097,1097,1060,1041,1287,641,2695,2464,2204,2099,29996,904,892,892,1046,1038]} 1. e4 c5 2. Nf3 e6 3. d4 cxd4 4. Nxd4 a6 5. Nc3 Qc7 6. a3 Nf6 7. f4 d6 {B43: Sicilian: Kan Variation: 5 Nc3} 8. Qf3 b5 9. Bd3 Bb7 10. g4 {LiveBook: 7 Games} Nfd7 11. Bd2 $146 ({Predecessor:} 11. Be3 g6 12. O-O Bg7 13. Rad1 O-O 14. f5 Nc6 15. Nxc6 Qxc6 16. Qh3 Rae8 {0-1 (46) Bologan,V (2681)-Ivanchuk,V (2766) Beijing 2012}) 11... Nc5 12. O-O-O Nbd7 13. Kb1 g6 $1 14. b4 Bg7 15. Nb3 Nxd3 16. cxd3 Rc8 (16... Bxc3 $5 17. Rc1 $8 {[#]} Nc5 $1 {[%mdl 512]} 18. Rxc3 Nxb3 19. Rxb3 d5 $11) 17. Rc1 Qb8 $36 {[%mdl 2048] Black fights for an advantage.} 18. Na5 Ba8 19. h4 h5 $1 20. gxh5 Rxh5 21. Qg4 Bf6 22. Rh2 Ke7 23. f5 (23. Be1 $11 {remains equal.}) 23... Rch8 $2 (23... exf5 $17 {and life is bright.} 24. exf5 Rxf5) 24. fxe6 $16 fxe6 {[%cal Rh5h4]} ({Not} 24... Rxh4 $2 25. Nd5+ Bxd5 26. exd5 $18) 25. Ne2 {[%cal Bc3e2,Be2g3,Bg3f5][%mdl 32] [#] And now Nf4 would win.} ({Much worse is} 25. Qxg6 Qg8 $11) 25... Rxh4 26. Rxh4 Rxh4 27. Qg3 e5 $2 (27... Rh7 $1 $14) 28. Qxg6 $18 Rh2 $2 (28... Nf8 29. Qg1 Ne6) 29. Ng3 Qf8 30. Nf5+ Kd8 31. Bh6 (31. Qg1 $142) 31... Qh8 32. Nxd6 {Intending Rc8+ and mate.} Ke7 33. Rc8 {Nf5+ would kill now.} Rxh6 34. Qxh6 (34. Nf5+ $142 Ke6 35. Re8+ Qxe8 36. Qxe8+ Be7 37. Qxe7#) 34... Qxh6 35. Nf5+ Ke6 36. Nxh6 {Precision: White = 46%, Black = 31%.} 1-0

[Event "XLIII Sevilla Open 2018"]
[Site "Sevilla"]
[Date "2018.01.14"]
[Round "3"]
[White "Rodriguez Perez, Angel Mariano"]
[Black "Pap, Misa"]
[Result "1/2-1/2"]
[WhiteElo "2227"]
[BlackElo "2491"]
[Annotator "TA"]
[PlyCount "118"]
[EventDate "2018.??.??"]
[EventType "swiss"]
[EventCountry "ESP"]
[SourceTitle "playchess.com"]
[Source "ChessBase"]
[SourceQuality "1"]

{[%evp 15,118,23,22,7,28,28,28,24,25,14,16,-80,-72,-76,-76,-73,-82,-76,-58,-64,-77,-78,-75,-119,-78,-78,-82,-75,-75,-77,-77,-70,-14,-23,-17,-32,0,-5,-5,-5,-5,-5,-5,-7,-3,-11,0,0,0,0,0,0,0,0,0,-6,-5,-18,0,0,19,-7,0,0,0,0,0,-8,-8,-252,-253,-375,-287,-237,0,0,0,0,0,0,0,0,0,0,0,0,0,0,0,0,0,0,0,0,0,0,0,0,0,0,0,0,0,0,0]} 1. e4 e5 2. Nf3 Nc6 3. Bc4 Bc5 4. O-O Nf6 5. d3 d6 6. Nc3 h6 7. Na4 Bb6 {C50: Italienische Partie} 8. Nxb6 axb6 {LiveBook: 3 Partien} 9. a3 (9. a4 O-O 10. c3 Be6 11. Bxe6 fxe6 12. g3 Qe8 13. Kg2 b5 14. Bd2 bxa4 15. Rxa4 Rxa4 16. Qxa4 {1-0 (92) Ragger,M (2657)-Sammalvuo,T (2416) Katowice 2017}) 9... Be6 10. Bxe6 fxe6 11. c3 $146 ({Vorgänger:} 11. Re1 O-O 12. c3 Ne7 13. Qb3 Qd7 14. Bd2 Ng6 15. Rad1 {1-0 (50) Vincze,O (1965)-Fekete,L (1570) Ajka 2009}) 11... O-O 12. Qc2 Nh5 13. d4 {[#]} (13. b4 $11 {hält das Gleichgewicht.}) 13... Rxf3 $1 $17 {[%mdl 512]} 14. gxf3 exd4 15. f4 Qh4 16. f3 Nxf4 17. Bxf4 Qxf4 18. Qc1 Qe5 (18... Qf7 {keeps more tension.} 19. Kh1 e5 20. f4 dxc3 21. fxe5 Qc4) 19. Qe1 dxc3 (19... Rf8 {seems wilder.} 20. Rd1 Rf4 21. Qd2 dxc3 22. Qxc3 Qh5) 20. Qxc3 Qxc3 21. bxc3 {[%mdl 4096] Endspiel KTT-KTS} Ra4 22. Kf2 e5 23. Ke3 Ne7 (23... Nd8 $15) 24. Rg1 $11 Kf7 25. Ra2 c6 26. h4 h5 27. Rg5 g6 28. Kd3 b5 29. Kc2 Ke6 30. Kb3 Ra8 31. a4 bxa4+ 32. Rxa4 Rf8 33. Rg3 $1 Rf4 34. Rh3 b5 35. Ra1 d5 36. Re1 Kd6 37. Kc2 d4 38. Kd3 c5 39. c4 $1 {[%cal Rc4b5]} bxc4+ 40. Kxc4 Kc6 41. Rg3 Nc8 42. Rxg6+ $2 (42. Kd3 $11 {und Weiss steht sicher.}) 42... Nd6+ $19 43. Rxd6+ (43. Kb3 {war die einzige Verteidigung.} Rxf3+ 44. Ka4) 43... Kxd6 {KT-KT} 44. Ra1 Rxf3 $2 (44... Rxh4 $19 {Und weiter mit ...Tf4 wäre nett.} 45. Ra6+ Ke7) 45. Ra6+ $11 {Die Stellung ist ausgeglichen.} Ke7 46. Kxc5 Re3 47. Kd5 d3 48. Ra7+ Kd8 {Weiss muss nun ...d2 beachten.} 49. Ra1 Rh3 (49... d2 $5 50. Rd1 $8 Rd3+ 51. Kxe5 Kd7 $11) 50. Rd1 Ke7 51. Kxe5 Rxh4 52. Rxd3 Rg4 53. Kf5 Rg8 54. Rh3 Rf8+ 55. Ke5 Rh8 56. Kf5 h4 57. Kg4 Ke6 58. Rxh4 Rxh4+ 59. Kxh4 Ke5 {Precision: Weiß = 63%, Schwarz = 68%.} 1/2-1/2

[Event "XLIII Sevilla Open 2018"]
[Site "Sevilla"]
[Date "2018.01.14"]
[Round "3"]
[White "Calzetta Ruiz, Monica"]
[Black "Xu, Yi"]
[Result "0-1"]
[WhiteElo "2223"]
[BlackElo "2482"]
[Annotator "TA"]
[PlyCount "80"]
[EventDate "2018.??.??"]
[EventType "swiss"]
[EventCountry "ESP"]
[SourceTitle "playchess.com"]
[Source "ChessBase"]
[SourceQuality "1"]

{[%evp 33,80,-26,21,-17,-10,-15,-3,-7,18,11,11,11,11,11,13,13,13,13,9,7,12,13,11,11,113,17,99,0,0,0,0,-92,-81,-66,-79,-643,0,-653,-630,-629,-577,-1146,-1055,-29992,-29993,-29993,-29994,-29995,-29996]} 1. e4 e5 2. Nf3 Nc6 3. Bb5 a6 4. Ba4 Nf6 5. O-O Be7 6. Re1 b5 7. Bb3 d6 8. c3 O-O 9. d4 {[%cal Bd2d4,Bd4d5][%mdl 32]} Bg4 10. d5 Na5 11. Bc2 Qc8 12. h3 Bd7 13. Nbd2 c6 14. dxc6 Qxc6 15. Nf1 h6 {C91: Closed Ruy Lopez: 7...d6 8 c3 0-0 9 d4} (15... Rfc8 16. Ne3 Nc4 17. Nf5 Bxf5 18. exf5 h6 19. a4 Bd8 20. b3 Nb6 21. axb5 axb5 22. Rxa8 Rxa8 23. Bb2 {½-½ (80) Perunovic,M (2622)-Karjakin,S (2762) Berlin 2015}) 16. a4 Be6 17. Ng3 Rfd8 {LiveBook: 3 Games. Black has an edge.} 18. axb5 $146 ({Predecessor:} 18. Nh4 Bf8 19. Qf3 Nh7 20. Nhf5 Kh8 21. Ne3 Nb3 22. axb5 axb5 23. Rxa8 Rxa8 24. Bxb3 Bxb3 {0-1 (44) Sznapik,A (2397)-Szczepkowska,K (2369) Warsaw 2012}) 18... axb5 19. Nh4 Bf8 20. Qf3 Kh7 21. Nhf5 Ng8 22. Nd4 exd4 {[#]} 23. Rxa5 $1 {[%mdl 512]} g6 (23... Rxa5 24. e5+) 24. Rxa8 Rxa8 25. Ne2 Bg7 26. Nxd4 Bxd4 27. cxd4 {Black must now prevent Bd3.} Qxc2 28. d5 Bc8 (28... Ra1 $11 29. dxe6 fxe6) 29. Qxf7+ $16 Kh8 {[#]} 30. Bxh6 ({Much weaker is} 30. Qxg6 $6 Ra1 $11) (30. Bf4 $1 $16 Qxb2 31. Qc7 (31. Qxg6 Ra1 $14)) 30... Nxh6 $11 31. Qxg6 Ng8 $1 32. Re3 (32. Qh5+ $11 Kg7 33. Re3) 32... Qd1+ $17 33. Kh2 {Rg3 is the strong threat.} Ra1 34. Qxd6 $2 {[%mdl 8192]} (34. Kg3 $17) 34... Qg1+ $19 35. Kg3 {Strongly threatening Qe5+.} Ra7 36. Qe5+ Kh7 {And now ...Rg7+ would win.} 37. Kh4 Qxf2+ 38. Rg3 Nf6 {Black mates.} 39. Qg5 Kh8 40. Qe3 Rh7+ {Precision: White = 55%, Black = 67%.} 0-1

[Event "XLIII Sevilla Open 2018"]
[Site "Sevilla"]
[Date "2018.01.15"]
[Round "4"]
[White "Vasquez Schroeder, Rodrigo"]
[Black "Martinez Martin, David"]
[Result "1-0"]
[WhiteElo "2554"]
[BlackElo "2399"]
[Annotator "TA"]
[PlyCount "97"]
[EventDate "2018.??.??"]
[EventType "swiss"]
[EventCountry "ESP"]
[SourceTitle "playchess.com"]
[Source "ChessBase"]
[SourceQuality "1"]

{[%evp 16,97,0,0,6,-25,-12,-45,-24,-26,-22,-24,22,18,64,62,61,49,49,77,66,47,28,43,66,64,98,93,116,115,123,123,129,124,106,72,171,171,171,170,154,152,171,171,202,170,202,201,211,193,195,175,204,214,217,213,214,217,302,258,348,245,387,377,455,422,431,496,482,477,741,741,740,724,753,622,1590,1462,12834,12835,12835,12835,5751,5743]} 1. e4 e6 2. d4 d5 3. Nc3 Nf6 4. e5 Nfd7 5. Nce2 c5 6. c3 Nc6 7. f4 Be7 8. Nf3 O-O 9. g3 b5 {C11: French: Classical System: 4 e5 and 4 Bg5 dxe4} 10. a3 a5 {[#]} 11. f5 $146 {[%mdl 512]} ({Predecessor:} 11. h4 Ba6 12. Ng5 h6 13. Qd3 hxg5 14. hxg5 g6 15. g4 Kg7 16. f5 exf5 17. gxf5 Bxg5 {0-1 (68) Anton Guijarro,D (2616)-Howell,D (2678) Dubai 2016}) 11... cxd4 {Black is slightly better.} (11... exf5 12. Nf4) 12. cxd4 exf5 13. Nf4 Ndb8 14. Bxb5 Qb6 15. Ba4 $36 {[%mdl 2048] White has some pressure.} Be6 16. Qb3 Qxb3 17. Bxb3 Rd8 18. Nxe6 fxe6 19. Ba4 Ra6 20. h4 Rb6 {[#]} 21. Rh2 $1 Rc8 22. Be3 Na7 {[#]} 23. Rc1 $1 Rxc1+ 24. Bxc1 h6 25. h5 Nac6 (25... Rb7 $16) 26. Rc2 $18 Kf7 27. Bd2 Bd8 28. Ke2 Kf8 29. Kd3 Kf7 30. Bc3 g5 31. hxg6+ $1 Kxg6 32. Rh2 Rb7 33. Nh4+ Kg7 34. Ng2 Bg5 35. Nf4 Bxf4 36. gxf4 Kh7 37. Be1 Ne7 38. Bh4 (38. Bxa5 Ra7 $16) 38... Ng8 (38... Nd7 $142 39. Bg5 (39. Bxe7 Nb6 $16) 39... Ng8) 39. Bd8 Nd7 40. Bxa5 {White is clearly winning.} Nf8 41. Bb4 Ng6 42. Ke3 Rc7 (42... h5 $142 43. Rxh5+ Nh6) 43. Bc5 Rg7 44. Kf3 N8e7 45. Be8 Nc8 46. Bxg6+ Rxg6 47. Rg2 Rxg2 48. Kxg2 Kg6 49. a4 {Precision: White = 81%, Black = 34%.} 1-0